Sports Quiz

Random Sports Quiz
Score 0/12 Timer 02:00
0 Plays Today
Squad number Player % Correct
29Antti Niemi
65.8%
20Brian McBride
63.9%
11Luis Boa Morte
60.5%
15 (sub)Collins John
58.2%
2Moritz Volz
56.7%
6Zat Knight
54%
4Steed Malbranque
50.2%
10Heidar Helguson
47.9%
13Tomasz Radzinski
40.7%
3Carlos Bocanegra
36.5%
27Simon Elliott
14.8%
31Wayne Bridge
11%

You're not logged in!

Compare scores with friends on all Sporcle quizzes.
OR
Log In

Sporcle TV

Today on Sporcle TV


Watch our educational content, quiz creation guides, and fun videos on Sporcle TV.

Show Comments

Extras

Top Quizzes Today


Score Distribution

Paid Content

Your Account Isn't Verified!

In order to create a playlist on Sporcle, you need to verify the email address you used during registration. Go to your Sporcle Settings to finish the process.

Report this User

Report this user for behavior that violates our Community Guidelines.

Details: